[Event "Titled Tuesday intern op 30th Apr Early"]
[Site "Chess.com INT"]
[Date "2024.04.30"]
[Round "1"]
[White "Varacalli, Francisco"]
[Black "Aliyev, Ravan"]
[Result "0-1"]
[WhiteElo "2327"]
[BlackElo "2352"]
[PlyCount "70"]
[EventDate "2024.04.30"]
[EventType "swiss (blitz)"]
[EventRounds "11"]
[EventCountry "USA"]
[SourceTitle "CB19_2024"]
[SourceDate "2024.05.08"]
[SourceVersion "1"]
[SourceVersionDate "2024.05.08"]
[SourceQuality "1"]

1. e4 e5 2. Nf3 Nc6 3. Bc4 Bc5 4. 0-0 Nf6 5. d3 d6 6. Nbd2 a6 7. c3 Ba7 8. Bb3 0-0 9. h3 Ne7 10. Re1 Ng6 11. Nf1 Nh5 12. Be3 Nhf4 13. Ng3 Be6 14. d4 Qf6 15. Nh5 Nxh5 16. Bg5 Bxb3 17. Qxb3 Qe6 18. Qxb7 Bb6 19. Qc6 Nhf4 20. a4 a5 21. b4 h6 22. Bxf4 Nxf4 23. Kh2 exd4 24. cxd4 Nd3 25. Re3 Nxb4 26. Qc3 Rfe8 27. Re2 Qg6 28. Nd2 Qf6 29. e5 dxe5 30. dxe5 Qf4+ 31. g3 Qd4 32. Rc1 Qxc3 33. Rxc3 Bd4 34. Rxc7 Bxe5 35. Rc5 Bxg3+ 0-1

[Event "ARG-chT"]
[Site "Villa Martelli"]
[Date "2021.12.04"]
[Round "6.1"]
[White "Varacalli, Francisco"]
[Black "Hungaski, Robert Andrew"]
[Result "0-1"]
[WhiteElo "2332"]
[BlackElo "2511"]
[PlyCount "70"]
[EventDate "2021.11.20"]
[EventType "team-tourn"]
[EventRounds "7"]
[EventCountry "ARG"]
[SourceTitle "EXT 2023"]
[Source "ChessBase"]
[SourceDate "2022.10.05"]
[SourceVersion "1"]
[SourceVersionDate "2022.10.05"]
[SourceQuality "1"]
[WhiteTeam "Club Argentino"]
[BlackTeam "Republica Martelli"]
[WhiteTeamCountry "ARG"]
[BlackTeamCountry "ARG"]

1. e4 e6 2. d4 d5 3. Nd2 Be7 4. Bd3 c5 5. dxc5 Nf6 6. exd5 Qxd5 7. Ngf3 Nbd7 8. 0-0 Nxc5 9. Bc4 Qd6 10. Qe2 a6 11. a4 b6 12. b3 Bb7 13. Bb2 0-0 14. Ne5 Qc7 15. Rad1 Nd5 16. Ndf3 b5 17. axb5 axb5 18. Bxb5 Ra2 19. Rb1 Bf6 20. Rfe1 Rxb2 21. Rxb2 Nc3 22. Qc4 Nxb5 23. Ra2 Nd6 24. Qf4 Nde4 25. h4 Nc3 26. Ra3 Bxf3 27. gxf3 Nd7 28. Nd3 Qc6 29. Ra7 Nb5 30. Ra2 Bc3 31. Re4 e5 32. Rc4 Qe6 33. Qe4 Nd6 34. Qb7 Nxc4 35. bxc4 Qxc4 0-1

[Event "Titled Tuesday intern op 25th Aug"]
[Site "Chess.com INT"]
[Date "2020.08.25"]
[Round "9"]
[White "Matveev, Vladimir1111"]
[Black "Varacalli, Francisco"]
[Result "1-0"]
[WhiteElo "2368"]
[BlackElo "2332"]
[PlyCount "117"]
[EventDate "2020.08.25"]
[EventType "swiss (blitz)"]
[EventRounds "10"]
[EventCountry "USA"]
[SourceTitle "CBM 198 Extra"]
[Source "ChessBase"]
[SourceDate "2020.11.30"]
[SourceVersion "1"]
[SourceVersionDate "2020.11.30"]
[SourceQuality "1"]

1. d4 Nf6 2. c4 g6 3. Nc3 Bg7 4. e4 d6 5. Be2 0-0 6. Nf3 c5 7. d5 e5 8. 0-0 Ne8 9. Ne1 f5 10. Nd3 Nf6 11. f3 f4 12. a3 Rf7 13. b4 b6 14. bxc5 bxc5 15. Rb1 Bf8 16. Bd2 Nbd7 17. Qa4 Nb6 18. Qb3 g5 19. Nb5 Nbd7 20. Qa4 g4 21. Kh1 g3 22. h3 Nb6 23. Qc2 Bxh3 24. gxh3 Qd7 25. Kg2 h6 26. a4 Nh7 27. h4 Nc8 28. Ba5 Ne7 29. Nc7 Ng6 30. Rh1 Rc8 31. Ne6 Be7 32. h5 Nh4+ 33. Rxh4 Bxh4 34. Rh1 Bf6 35. Bc3 Re7 36. a5 Rb8 37. Rb1 Rxb1 38. Qxb1 Rxe6 39. dxe6 Qxe6 40. Qb8+ Kf7 41. Qc7+ Be7 42. Nxe5+ dxe5 43. Qxe5 Qxe5 44. Bxe5 Nf6 45. Bxf4 Nxh5 46. Bb8 a6 47. f4 Bd8 48. Bxh5+ Ke6 49. Bg4+ Kf6 50. e5+ Ke7 51. f5 Bxa5 52. Bd6+ Kf7 53. Bh5+ Kg7 54. f6+ Kh7 55. f7 Bd8 56. f8Q Bh4 57. Qf7+ Kh8 58. Bg6 Be7 59. Qh7# 1-0

[Event "Titled Tuesday intern op 25th Aug"]
[Site "Chess.com INT"]
[Date "2020.08.25"]
[Round "5"]
[White "Varacalli, Francisco"]
[Black "Kalashian, David"]
[Result "1-0"]
[WhiteElo "2332"]
[BlackElo "2398"]
[PlyCount "67"]
[EventDate "2020.08.25"]
[EventType "swiss (blitz)"]
[EventRounds "10"]
[EventCountry "USA"]
[SourceTitle "CBM 198 Extra"]
[Source "ChessBase"]
[SourceDate "2020.11.30"]
[SourceVersion "1"]
[SourceVersionDate "2020.11.30"]
[SourceQuality "1"]

1. e4 c6 2. d4 g6 3. Nf3 Bg7 4. Nc3 d6 5. a4 Nf6 6. h3 0-0 7. Be3 Nbd7 8. a5 e5 9. dxe5 dxe5 10. Bc4 Qe7 11. Qb1 Nc5 12. Nd2 Be6 13. Qa2 Bxc4 14. Qxc4 Ne6 15. Nb3 Nh5 16. 0-0 Nhf4 17. Nc5 Qg5 18. g3 Nxh3+ 19. Kh2 Qh5 20. Qe2 Qxe2 21. Nxe2 Nhg5 22. f4 exf4 23. gxf4 Nxc5 24. Bxc5 Nxe4 25. Bxf8 Kxf8 26. c3 f5 27. Rad1 Ke7 28. Ng3 Nf6 29. Rfe1+ Kf7 30. Rd3 Bh6 31. Rf3 Rd8 32. Re2 Rd1 33. Kg2 Nd5 34. Ref2 1-0

[Event "Online Olym Div2 E"]
[Site "Chess.com INT"]
[Date "2020.08.14"]
[Round "3.2"]
[White "Gledura, Benjamin"]
[Black "Varacalli, Francisco"]
[Result "1-0"]
[WhiteElo "2620"]
[BlackElo "2332"]
[PlyCount "85"]
[EventDate "2020.08.14"]
[EventType "team-tourn (rapid)"]
[EventRounds "9"]
[EventCountry "USA"]
[SourceTitle "CBM 198"]
[Source "ChessBase"]
[SourceDate "2020.10.31"]
[SourceVersion "1"]
[SourceVersionDate "2020.10.31"]
[SourceQuality "1"]
[WhiteTeam "Hungary"]
[BlackTeam "Argentina"]
[WhiteTeamCountry "HUN"]
[BlackTeamCountry "ARG"]

1. Nf3 Nf6 2. c4 g6 3. g3 Bg7 4. Bg2 0-0 5. 0-0 d6 6. d4 Nc6 7. Nc3 Bg4 8. Be3 Nd7 9. Rc1 e5 10. dxe5 dxe5 11. Ng5 h6 12. Nge4 Be6 13. Nd5 Nd4 14. Bxd4 exd4 15. Qb3 f5 16. Nd2 Nc5 17. Qa3 Qd6 18. b4 Ne4 19. Nxe4 fxe4 20. Bxe4 Bxd5 21. Bxd5+ Kh7 22. Bxb7 Rab8 23. c5 Qe5 24. Bf3 d3 25. Qxd3 Rxb4 26. Qa6 g5 27. Qd3+ Kh8 28. Rc4 Rxc4 29. Qxc4 Qd4 30. Qxd4 Bxd4 31. c6 Rf5 32. Rd1 Bb6 33. Rd5 Rxd5 34. Bxd5 Kg7 35. Kg2 Kf6 36. f4 g4 37. h3 gxh3+ 38. Kxh3 Be3 39. Kg4 Kg6 40. Kf3 Bc1 41. e4 Kf6 42. e5+ Kf5 43. Bf7 1-0

[Event "Titled Tuesday intern op 21st April"]
[Site "Chess.com INT"]
[Date "2020.04.21"]
[Round "7"]
[White "Varacalli, Francisco"]
[Black "Gordon, David"]
[Result "1-0"]
[WhiteElo "2332"]
[BlackElo "2116"]
[PlyCount "93"]
[EventDate "2020.04.21"]
[EventType "swiss (blitz)"]
[EventRounds "10"]
[EventCountry "USA"]
[SourceTitle "EXT 2021"]
[Source "ChessBase"]
[SourceDate "2020.10.23"]
[SourceVersion "1"]
[SourceVersionDate "2020.10.23"]
[SourceQuality "1"]

1. d4 d5 2. Nf3 c5 3. c4 e6 4. cxd5 exd5 5. g3 Nc6 6. Bg2 Bg4 7. Ne5 Nxe5 8. dxe5 Be6 9. Nc3 Ne7 10. Bg5 Qb8 11. f4 h6 12. Bxe7 Bxe7 13. Nxd5 Bd8 14. 0-0 0-0 15. Rc1 b6 16. f5 Bc8 17. f6 Qxe5 18. Ne7+ Bxe7 19. fxe7 Qe3+ 20. Kh1 Qxe7 21. Bxa8 Bb7+ 22. Bxb7 Qxb7+ 23. Kg1 Qa6 24. a3 Re8 25. Qd3 Qa4 26. Rc4 Qc6 27. Qf3 Qe6 28. Rf4 f6 29. Rd1 Qxe2 30. Qxe2 Rxe2 31. Rf2 Re7 32. Rfd2 Kf7 33. Rd7 Ke6 34. Rxe7+ Kxe7 35. Kf2 Ke6 36. h4 g5 37. Kf3 f5 38. hxg5 hxg5 39. g4 fxg4+ 40. Kxg4 c4 41. Kxg5 Ke5 42. Kg4 Ke4 43. Rd7 a5 44. Rb7 c3 45. bxc3 Kd3 46. Rxb6 Kxc3 47. a4 1-0

[Event "Titled Tuesday intern op 14th April"]
[Site "Chess.com INT"]
[Date "2020.04.14"]
[Round "3"]
[White "Tejedor Fuente, Enrique"]
[Black "Varacalli, Francisco"]
[Result "1/2-1/2"]
[WhiteElo "2443"]
[BlackElo "2332"]
[PlyCount "124"]
[EventDate "2020.04.14"]
[EventType "swiss (blitz)"]
[EventRounds "10"]
[EventCountry "USA"]
[SourceTitle "EXT 2021"]
[Source "ChessBase"]
[SourceDate "2020.10.23"]
[SourceVersion "1"]
[SourceVersionDate "2020.10.23"]
[SourceQuality "1"]

1. e4 e5 2. Nf3 Nc6 3. Bc4 Bc5 4. d3 Nf6 5. 0-0 d6 6. c3 Bb6 7. Nbd2 Ne7 8. a3 Ng6 9. Ba2 c6 10. h3 0-0 11. Nc4 Bc7 12. Re1 h6 13. d4 Re8 14. dxe5 dxe5 15. Qxd8 Rxd8 16. Kh2 Be6 17. g3 Rd7 18. Kg2 Rad8 19. Ncd2 Bxa2 20. Rxa2 Bb6 21. Nc4 Bc7 22. b4 b5 23. Ncd2 a5 24. a4 axb4 25. cxb4 bxa4 26. Rxa4 Rb8 27. Bb2 Bd6 28. Bc3 Rdb7 29. Rb1 Bf8 30. Nxe5 Nxe5 31. Bxe5 Rxb4 32. Bxf6 Rxb1 33. Nxb1 Rxb1 34. Bc3 Rb8 35. Rc4 c5 36. h4 h5 37. Kf3 g6 38. Bd2 Rb3+ 39. Ke2 Rb2 40. Ke1 Rb1+ 41. Ke2 Rb2 42. Kd1 Ra2 43. Be3 Ra5 44. Ke2 Rb5 45. Kd3 Ra5 46. e5 Rb5 47. Ke4 Rb4 48. Kd5 Rb3 49. Bxc5 Bxc5 50. Kxc5 Rb2 51. Rf4 Rd2 52. Kc4 Kg7 53. f3 Rg2 54. g4 Rh2 55. g5 Rd2 56. Rd4 Rf2 57. Rf4 Rd2 58. Rd4 Rf2 59. Rd3 Rh2 60. Rd4 Re2 61. Re4 Rf2 62. Rf4 Rd2 1/2-1/2

[Event "Titled Tuesday intern op 14th April"]
[Site "Chess.com INT"]
[Date "2020.04.14"]
[Round "7"]
[White "Varacalli, Francisco"]
[Black "Mladenovic, Stefan"]
[Result "1-0"]
[WhiteElo "2332"]
[BlackElo "2294"]
[PlyCount "133"]
[EventDate "2020.04.14"]
[EventType "swiss (blitz)"]
[EventRounds "10"]
[EventCountry "USA"]
[SourceTitle "EXT 2021"]
[Source "ChessBase"]
[SourceDate "2020.10.23"]
[SourceVersion "1"]
[SourceVersionDate "2020.10.23"]
[SourceQuality "1"]

1. e4 c5 2. Nf3 d6 3. d4 cxd4 4. Nxd4 Nf6 5. Nc3 g6 6. Bc4 Bg7 7. h3 0-0 8. Bb3 Nc6 9. Be3 Bd7 10. 0-0 Rc8 11. Re1 Ne5 12. Qe2 a6 13. Rad1 b5 14. Bc1 Nc4 15. Nd5 a5 16. c3 a4 17. Bxc4 Rxc4 18. a3 Nxd5 19. exd5 Re8 20. Bg5 Bf8 21. Qd2 Qa8 22. Nc2 Rc5 23. Nb4 e6 24. dxe6 Bxe6 25. Bh6 Be7 26. Be3 Rh5 27. Bd4 Bxh3 28. f3 Be6 29. Re2 Bg5 30. f4 Bh4 31. Rf1 Bc4 32. Nd3 Bg3 33. Rf3 Bh2+ 34. Kf1 Rxe2 35. Qxe2 Qc8 36. Re3 Bxd3 37. Qxd3 Bxf4 38. Re4 Be5 39. Bxe5 Rxe5 40. Rxe5 dxe5 41. Qxb5 Qf5+ 42. Ke1 Qf4 43. c4 Qe3+ 44. Kf1 Qd3+ 45. Ke1 e4 46. Qe8+ Kg7 47. Qe5+ f6 48. Qe7+ Kh6 49. Qxf6 Qe3+ 50. Kd1 Qd3+ 51. Ke1 Qe3+ 52. Kd1 Qg1+ 53. Ke2 Qxg2+ 54. Ke3 Qg1+ 55. Kxe4 Qe1+ 56. Kd5 Qd2+ 57. Qd4 Qg2+ 58. Kd6 Qc2 59. c5 g5 60. c6 Qg6+ 61. Kd5 g4 62. Qf4+ Kh5 63. Qh2+ Kg5 64. Qe5+ Kh4 65. c7 Qg8+ 66. Qe6 g3 67. Qxg8 1-0

[Event "Titled Tuesday intern op 14th April"]
[Site "Chess.com INT"]
[Date "2020.04.14"]
[Round "4"]
[White "Varacalli, Francisco"]
[Black "Tekeyev, Zaur"]
[Result "1/2-1/2"]
[WhiteElo "2332"]
[BlackElo "2396"]
[PlyCount "118"]
[EventDate "2020.04.14"]
[EventType "swiss (blitz)"]
[EventRounds "10"]
[EventCountry "USA"]
[SourceTitle "EXT 2021"]
[Source "ChessBase"]
[SourceDate "2020.10.23"]
[SourceVersion "1"]
[SourceVersionDate "2020.10.23"]
[SourceQuality "1"]

1. e4 c5 2. Nf3 d6 3. d4 cxd4 4. Nxd4 Nf6 5. Nc3 Nc6 6. Be2 e5 7. Nf3 h6 8. 0-0 Be7 9. h3 0-0 10. Nh2 a6 11. Ng4 b5 12. Nxf6+ Bxf6 13. Nd5 Be6 14. c3 Bg5 15. Bxg5 Qxg5 16. Nc7 Bxh3 17. Bf3 Rad8 18. Qc1 Bc8 19. Qxg5 hxg5 20. g3 g6 21. Nd5 Kg7 22. a4 Be6 23. axb5 axb5 24. Rfd1 Ra8 25. Rxa8 Rxa8 26. Nc7 Rd8 27. Nxb5 Rb8 28. Nxd6 Rxb2 29. Ne8+ Kf8 30. Nf6 Rc2 31. Rd3 Bc4 32. Rd6 Bb5 33. Rd5 Ba4 34. Nd7+ Kg7 35. Nxe5 Rxc3 36. Kg2 Nb4 37. Rd4 Nc6 38. Rd5 Nxe5 39. Rxe5 Kf6 40. Ra5 Bd7 41. e5+ Kg7 42. Bd5 Rc7 43. Ba2 Bf5 44. Bd5 g4 45. Ra4 Rd7 46. Be4 Re7 47. Bxf5 gxf5 48. Ra5 Kg6 49. f4 Rb7 50. Ra6+ Kg7 51. Rf6 Rb2+ 52. Kg1 Rb1+ 53. Kf2 Rb2+ 54. Kf1 Rb1+ 55. Kg2 Rb2+ 56. Kh1 Rb1+ 57. Kh2 Rb2+ 58. Kg1 Rb1+ 59. Kg2 Rb2+ 1/2-1/2

[Event "Titled Tuesday intern op 7th April"]
[Site "Chess.com INT"]
[Date "2020.04.07"]
[Round "3"]
[White "Garcia Cardenas, Pablo"]
[Black "Varacalli, Francisco"]
[Result "1-0"]
[WhiteElo "2422"]
[BlackElo "2332"]
[PlyCount "157"]
[EventDate "2020.04.07"]
[EventType "swiss (blitz)"]
[EventRounds "10"]
[EventCountry "USA"]
[SourceTitle "EXT 2021"]
[Source "ChessBase"]
[SourceDate "2020.10.23"]
[SourceVersion "1"]
[SourceVersionDate "2020.10.23"]
[SourceQuality "1"]

1. d4 Nf6 2. c4 g6 3. Nc3 Bg7 4. e4 d6 5. h3 c6 6. Be3 a6 7. a4 a5 8. g4 Na6 9. Bg2 Nd7 10. Nge2 e5 11. d5 Ndc5 12. Ng3 Nb4 13. 0-0 Ncd3 14. Qd2 c5 15. Nb5 0-0 16. Rfb1 Qe7 17. Ra3 Nf4 18. Bxf4 exf4 19. Qxf4 Be5 20. Qd2 g5 21. Rf3 f6 22. Nc3 Bd7 23. b3 Rae8 24. Nd1 Bf4 25. Ne3 Qf7 26. Qe2 Qg6 27. Nef5 Bxf5 28. Nxf5 Be5 29. Re3 Na6 30. Rd3 b6 31. Rf1 Nb8 32. Qd1 Nd7 33. Rf3 h5 34. Rd3 h4 35. Re1 Rf7 36. Qc2 Nf8 37. Bf3 Rd7 38. Ne3 Qh7 39. Ng2 Ng6 40. Bd1 Nf4 41. Nxf4 Bxf4 42. Rf3 Qe7 43. Qd3 Qe5 44. Bc2 Rde7 45. Kg2 Kg7 46. Re2 Rf7 47. Qd1 Rg8 48. Rd3 Kh6 49. Bb1 Rgg7 50. Rc2 Qe7 51. Qe2 Be5 52. Rf3 Bf4 53. Rcc3 Qe5 54. Rcd3 Kh7 55. Bc2 Re7 56. Rc3 Rg8 57. Bb1 Rge8 58. Qc2 Kg7 59. Rxf4 gxf4 60. Rf3 Kf8 61. Qd2 Qg5 62. Rxf4 Re5 63. Qe3 Ke7 64. Qf3 Rf8 65. Kf1 Kd7 66. Ke2 Rf7 67. Bc2 Rfe7 68. Kd1 f5 69. Rxf5 Qg7 70. Rf6 Kc7 71. Bd3 Qg5 72. Kc2 Qg7 73. Qf4 Qh8 74. f3 Qg7 75. Rf8 Re8 76. Rf7+ Qxf7 77. Qxf7+ R8e7 78. Qf6 Rf7 79. Qxf7+ 1-0

[Event "Titled Tuesday intern op 7th April"]
[Site "Chess.com INT"]
[Date "2020.04.07"]
[Round "2"]
[White "Varacalli, Francisco"]
[Black "Millard, Charlotte"]
[Result "1-0"]
[WhiteElo "2332"]
[BlackElo "1252"]
[PlyCount "67"]
[EventDate "2020.04.07"]
[EventType "swiss (blitz)"]
[EventRounds "10"]
[EventCountry "USA"]
[SourceTitle "EXT 2021"]
[Source "ChessBase"]
[SourceDate "2020.10.23"]
[SourceVersion "1"]
[SourceVersionDate "2020.10.23"]
[SourceQuality "1"]

1. e4 e5 2. Nf3 Nc6 3. Bc4 Bc5 4. 0-0 Nf6 5. d3 h6 6. c3 0-0 7. Nbd2 d6 8. Bb3 Bg4 9. h3 Bh5 10. Re1 Re8 11. Nf1 Na5 12. Bc2 Nc6 13. Ng3 Bg6 14. Nh4 Bh7 15. Nhf5 Bxf5 16. Nxf5 Ne7 17. Ng3 Ng6 18. d4 exd4 19. cxd4 Bb4 20. Bd2 Bxd2 21. Qxd2 Nd7 22. Kh1 Ne7 23. Rad1 Nc6 24. Nf5 Qf6 25. Re3 Re6 26. d5 Ree8 27. dxc6 bxc6 28. Bb3 Ne5 29. Rg3 g6 30. Qxh6 Rab8 31. f4 Nd7 32. Rxg6+ Qxg6 33. Qxg6+ Kf8 34. Qg7# 1-0

[Event "Pan American-ch U20"]
[Site "Cochabamba"]
[Date "2019.08.04"]
[Round "6"]
[White "Wang, Annie"]
[Black "Varacalli, Francisco"]
[Result "1/2-1/2"]
[WhiteElo "2321"]
[BlackElo "2306"]
[PlyCount "58"]
[EventDate "2019.08.01"]
[EventType "swiss"]
[EventRounds "9"]
[EventCountry "BOL"]
[SourceTitle "EXT 2020"]
[Source "ChessBase"]
[SourceDate "2019.10.17"]
[SourceVersion "1"]
[SourceVersionDate "2019.10.17"]
[SourceQuality "1"]

1. d4 Nf6 2. c4 g6 3. Nc3 Bg7 4. e4 d6 5. Be2 0-0 6. Be3 a6 7. Nf3 c6 8. a4 a5 9. 0-0 Na6 10. h3 e5 11. Qd2 exd4 12. Nxd4 Nc5 13. f3 Qe7 14. Rad1 Ne8 15. Rfe1 Bf6 16. Bh6 Bg7 17. Bf1 Bxh6 18. Qxh6 Qf6 19. f4 Qg7 20. Qh4 f6 21. Nf3 Ne6 22. Qg3 Bd7 23. Bd3 Rb8 24. Bc2 Bc8 25. Ne2 Nc5 26. Nfd4 Nc7 27. Qf2 N7e6 28. Nxe6 Nxe6 29. Qg3 Re8 1/2-1/2

[Event "Pan American-ch U20"]
[Site "Cochabamba"]
[Date "2019.08.03"]
[Round "5"]
[White "Varacalli, Francisco"]
[Black "Santiago Vilca, Christian Amilca"]
[Result "1-0"]
[WhiteElo "2306"]
[BlackElo "2256"]
[PlyCount "68"]
[EventDate "2019.08.01"]
[EventType "swiss"]
[EventRounds "9"]
[EventCountry "BOL"]
[SourceTitle "EXT 2020"]
[Source "ChessBase"]
[SourceDate "2019.10.17"]
[SourceVersion "1"]
[SourceVersionDate "2019.10.17"]
[SourceQuality "1"]

1. e4 c5 2. Nf3 e6 3. d4 cxd4 4. Nxd4 a6 5. Bd3 Nf6 6. 0-0 Qc7 7. Nc3 Nc6 8. Nb3 b5 9. f4 d6 10. Kh1 Bb7 11. Bd2 Be7 12. Qf3 0-0 13. Rae1 Rad8 14. Qh3 b4 15. Nd1 Bc8 16. g4 e5 17. f5 d5 18. exd5 e4 19. g5 exd3 20. gxf6 Bxf6 21. dxc6 Qxc6+ 22. Qg2 Qb5 23. Nf2 dxc2 24. Ne4 Bxb2 25. Bg5 Rd1 26. Rxd1 cxd1Q 27. Rxd1 Bxf5 28. Nd6 Qe5 29. Bh4 Bg6 30. Bg3 Qh5 31. Rd5 Qg4 32. h3 Qe6 33. Nc5 Qf6 34. Nd7 Qc3 1-0

[Event "Pan American-ch U20"]
[Site "Cochabamba"]
[Date "2019.08.02"]
[Round "3"]
[White "Varacalli, Francisco"]
[Black "Johnson, Joshua"]
[Result "1/2-1/2"]
[WhiteElo "2306"]
[BlackElo "2241"]
[PlyCount "36"]
[EventDate "2019.08.01"]
[EventType "swiss"]
[EventRounds "9"]
[EventCountry "BOL"]
[SourceTitle "EXT 2020"]
[Source "ChessBase"]
[SourceDate "2019.10.17"]
[SourceVersion "1"]
[SourceVersionDate "2019.10.17"]
[SourceQuality "1"]

1. e4 c5 2. Nf3 d6 3. d4 cxd4 4. Nxd4 Nf6 5. Nc3 g6 6. h3 Bg7 7. Bc4 0-0 8. Be3 a6 9. Bb3 Nbd7 10. 0-0 Nc5 11. f3 Qc7 12. Qd2 Re8 13. Bg5 Be6 14. Rad1 Rac8 15. Bh6 Bh8 16. Nxe6 fxe6 17. f4 Nxb3 18. axb3 b5 1/2-1/2

[Event "Pan American-ch U18"]
[Site "Guayaquil"]
[Date "2019.07.21"]
[Round "1"]
[White "Varacalli, Francisco"]
[Black "Aspiazu Sibri, Marlon Steven"]
[Result "1-0"]
[WhiteElo "2306"]
[BlackElo "1970"]
[PlyCount "71"]
[EventDate "2019.07.21"]
[EventType "swiss"]
[EventRounds "9"]
[EventCountry "ECU"]
[SourceTitle "EXT 2020"]
[Source "ChessBase"]
[SourceDate "2019.10.17"]
[SourceVersion "1"]
[SourceVersionDate "2019.10.17"]
[SourceQuality "1"]

1. e4 e6 2. d4 d5 3. Nd2 Nf6 4. e5 Nfd7 5. c3 c5 6. Bd3 Nc6 7. Ne2 cxd4 8. cxd4 f6 9. exf6 Nxf6 10. Nf3 Bd6 11. 0-0 Qc7 12. b3 0-0 13. Bb2 e5 14. dxe5 Nxe5 15. Bxe5 Bxe5 16. Rc1 Qd6 17. Nxe5 Qxe5 18. Qd2 Bd7 19. f3 Rac8 20. Qf4 Qxf4 21. Nxf4 Rxc1 22. Rxc1 Rc8 23. Rxc8+ Bxc8 24. h4 Bd7 25. Kf2 h6 26. g4 Bc6 27. Ke3 Kf7 28. Kd4 Ke7 29. g5 hxg5 30. hxg5 Nd7 31. Nh5 Kf7 32. Nf4 Ke7 33. Bf5 Nf8 34. Ke5 d4 35. Bg4 Nd7+ 36. Kxd4 1-0

[Event "ARG-ch sf 94th"]
[Site "Buenos Aires"]
[Date "2019.04.03"]
[Round "5"]
[White "Carcamo, Matias"]
[Black "Varacalli, Francisco"]
[Result "0-1"]
[WhiteElo "2052"]
[BlackElo "2287"]
[PlyCount "106"]
[EventDate "2019.03.30"]
[EventType "swiss"]
[EventRounds "9"]
[EventCountry "ARG"]
[SourceTitle "CBM 189 Extra"]
[Source "ChessBase"]
[SourceDate "2019.06.03"]
[SourceVersion "1"]
[SourceVersionDate "2019.06.03"]
[SourceQuality "1"]

1. e4 e5 2. Nf3 Nc6 3. Bb5 a6 4. Ba4 Nf6 5. 0-0 b5 6. Bb3 Be7 7. c3 d6 8. h3 Na5 9. Bc2 c5 10. d4 Qc7 11. b3 Bd7 12. Bb2 0-0 13. Nbd2 Nc6 14. Rc1 g6 15. Bb1 Nh5 16. d5 Nd8 17. Re1 Nf4 18. Nf1 f6 19. c4 b4 20. Bc2 Qc8 21. N3h2 Nf7 22. h4 f5 23. exf5 gxf5 24. g3 Ng6 25. Qh5 Nfh8 26. Nf3 f4 27. Ng5 Bxg5 28. Qxg5 Qd8 29. Qxd8 Raxd8 30. Nh2 Rf7 31. h5 fxg3 32. fxg3 Ne7 33. Rf1 Rdf8 34. Rxf7 Rxf7 35. Rf1 Kg7 36. Nf3 Nc8 37. Bc1 h6 38. Bb2 Bg4 39. Nxe5 Rxf1+ 40. Kxf1 dxe5 41. Bxe5+ Kg8 42. Bf4 Nf7 43. Be3 Bxh5 44. Bxc5 a5 45. a3 bxa3 46. Bxa3 Ncd6 47. Bb2 a4 48. c5 axb3 49. Bd3 Nb7 50. Bd4 Bf3 51. d6 Bd5 52. Bb5 Nxc5 53. Bxc5 b2 0-1

[Event "ARG-ch U18"]
[Site "Buenos Aires"]
[Date "2019.03.02"]
[Round "4.2"]
[White "Varacalli, Francisco"]
[Black "Faingerch, Sebastian"]
[Result "1/2-1/2"]
[WhiteElo "2287"]
[BlackElo "2007"]
[PlyCount "37"]
[EventDate "2019.03.01"]
[EventType "swiss"]
[EventRounds "9"]
[EventCountry "ARG"]
[SourceTitle "EXT 2024"]
[Source "ChessBase"]
[SourceDate "2023.10.10"]
[SourceVersion "1"]
[SourceVersionDate "2023.10.10"]
[SourceQuality "1"]

1. e4 d5 2. exd5 Qxd5 3. Nc3 Qa5 4. d4 Nf6 5. Bc4 Bf5 6. Nge2 e6 7. 0-0 c6 8. Ng3 Bg6 9. f4 Bd6 10. f5 exf5 11. Qe2+ Kd8 12. Bd2 Qc7 13. Nxf5 Bxf5 14. Rxf5 Re8 15. Qf3 Qb6 16. Bxf7 Re7 17. Bb3 Qxd4+ 18. Kf1 Bxh2 19. Qf2 1/2-1/2

[Event "ARG-ch U18"]
[Site "Buenos Aires"]
[Date "2019.03.02"]
[Round "3.1"]
[White "Veliz, Ariel"]
[Black "Varacalli, Francisco"]
[Result "1/2-1/2"]
[WhiteElo "2086"]
[BlackElo "2287"]
[PlyCount "74"]
[EventDate "2019.03.01"]
[EventType "swiss"]
[EventRounds "9"]
[EventCountry "ARG"]
[SourceTitle "EXT 2024"]
[Source "ChessBase"]
[SourceDate "2023.10.10"]
[SourceVersion "1"]
[SourceVersionDate "2023.10.10"]
[SourceQuality "1"]

1. c4 Nf6 2. Nc3 g6 3. g3 Bg7 4. Bg2 0-0 5. Nf3 d6 6. 0-0 Nc6 7. d3 e5 8. Rb1 a5 9. a3 h6 10. b4 axb4 11. axb4 Be6 12. Qb3 d5 13. Rd1 d4 14. Na4 Nd7 15. Nc5 Nxc5 16. bxc5 Ra7 17. Bd2 Qe7 18. Bb4 Rfa8 19. Ne1 Nxb4 20. Qxb4 c6 21. Nf3 Bc8 22. Nd2 Ra4 23. Qb6 R8a6 24. Qb3 f5 25. Qb2 Qxc5 26. Ra1 Qa5 27. Rxa4 Qxa4 28. Rb1 Kh7 29. c5 Qa2 30. Qxa2 Rxa2 31. Nc4 Bf8 32. Nb6 Be6 33. Nd7 Bxd7 34. Rxb7 Bg7 35. Rxd7 Rxe2 36. Bxc6 Rc2 37. Rd6 Rxc5 1/2-1/2

[Event "Wch U18"]
[Site "Porto Carras"]
[Date "2018.10.29"]
[Round "10.25"]
[White "Varacalli, Francisco"]
[Black "Giesinger, Elias"]
[Result "1/2-1/2"]
[WhiteElo "2334"]
[BlackElo "2131"]
[PlyCount "119"]
[EventDate "2018.10.20"]
[EventType "swiss"]
[EventRounds "11"]
[EventCountry "GRE"]
[SourceTitle "CBM 187 Extra"]
[Source "ChessBase"]
[SourceDate "2018.11.04"]
[SourceVersion "1"]
[SourceVersionDate "2018.11.04"]
[SourceQuality "1"]

1. e4 c5 2. Nf3 Nc6 3. d4 cxd4 4. Nxd4 e6 5. Nc3 Qc7 6. Be3 a6 7. Be2 Nf6 8. 0-0 Be7 9. f4 d6 10. Kh1 0-0 11. Qe1 Nxd4 12. Bxd4 b5 13. a3 Bb7 14. Qg3 Rad8 15. Bd3 Bc6 16. Rae1 Qd7 17. Re3 e5 18. fxe5 Nh5 19. Qf3 dxe5 20. Bxe5 f6 21. Qxh5 fxe5 22. Ref3 Qe6 23. Nd5 Bd6 24. Rxf8+ Rxf8 25. Rxf8+ Bxf8 26. Ne3 Bc5 27. Qf5 Qxf5 28. Nxf5 Kf7 29. Ng3 a5 30. Ne2 b4 31. axb4 axb4 32. g3 Bd7 33. Kg2 Bg4 34. Nc1 Bd4 35. Bc4+ Kf6 36. Na2 Bxb2 37. Nxb4 Bd4 38. Nd5+ Kg6 39. Ne7+ Kf6 40. Nd5+ Kg6 41. c3 Bc5 42. Nb4 Kf6 43. Bg8 h6 44. Nd3 Ba7 45. c4 Bd4 46. Nb4 g5 47. Bd5 h5 48. Nd3 Be2 49. Nc1 Bd1 50. h3 h4 51. Nd3 Be2 52. Ne1 Ke7 53. gxh4 gxh4 54. Nc2 Bc5 55. Ne1 Bd4 56. Nf3 Bxf3+ 57. Kxf3 Kd6 58. Kg4 Bf2 59. Kf5 Bg3 60. Kg4 1/2-1/2

[Event "Villa Constitucion op"]
[Site "Villa Constitucion"]
[Date "2018.09.01"]
[Round "4"]
[White "Rodriguez Vila, Andres"]
[Black "Varacalli, Francisco"]
[Result "1-0"]
[WhiteElo "2487"]
[BlackElo "2326"]
[PlyCount "49"]
[EventDate "2018.08.31"]
[EventType "swiss"]
[EventRounds "6"]
[EventCountry "ARG"]
[SourceTitle "CBM 186 Extra"]
[Source "ChessBase"]
[SourceDate "2018.08.24"]
[SourceVersion "1"]
[SourceVersionDate "2018.08.24"]
[SourceQuality "1"]

1. e4 e5 2. Nf3 Nc6 3. Bc4 Bc5 4. 0-0 Nf6 5. d3 d6 6. c3 h6 7. Re1 0-0 8. a4 Bb6 9. b4 a5 10. b5 Ne7 11. Ba3 Ng6 12. Nbd2 c6 13. d4 Re8 14. Qb3 Be6 15. bxc6 bxc6 16. Bxd6 Bxd4 17. Bxe6 Rxe6 18. cxd4 Qxd6 19. Nc4 Qc7 20. Nfxe5 Nxe5 21. Nxe5 Qa7 22. Qc3 Rc8 23. d5 Ree8 24. Nxc6 Nxe4 25. Qf3 1-0